| 000 | 00335 a2200133 4500 | ||
|---|---|---|---|
| 001 | 92413 | ||
| 082 | _a624.171 SIM | ||
| 090 |
_c44384 _d44385 |
||
| 100 | _aSimitse George J ; Dewey H Hodges | ||
| 245 | _aFundamentals of Structural Stability | ||
| 260 |
_aUK _bElseveir _c2006 |
||
| 300 | _axii, 390p. | ||
| 500 | _aTechnical Books | ||
| 942 |
_aCAENUST _k624.171 SIM |
||
| 999 |
_c327486 _d327486 |
||